<?xml version="1.0" encoding="UTF-8"?>
<record
    xmlns:xsi="http://www.w3.org/2001/XMLSchema-instance"
    xsi:schemaLocation="http://www.loc.gov/MARC21/slim http://www.loc.gov/standards/marcxml/schema/MARC21slim.xsd"
    xmlns="http://www.loc.gov/MARC21/slim">

  <leader>03203nam a2200289   4500</leader>
  <controlfield tag="003">NALT</controlfield>
  <controlfield tag="005">20260105152312.0</controlfield>
  <controlfield tag="008">251203b        th ||||| |||| 00| 0 tha d</controlfield>
  <datafield tag="020" ind1=" " ind2=" ">
    <subfield code="a">9796166290165</subfield>
  </datafield>
  <datafield tag="040" ind1=" " ind2=" ">
    <subfield code="a">NALT</subfield>
  </datafield>
  <datafield tag="050" ind1=" " ind2=" ">
    <subfield code="a">JF 1525.C66</subfield>
    <subfield code="b">&#xE14;522&#xE02; 2568</subfield>
  </datafield>
  <datafield tag="100" ind1="0" ind2=" ">
    <subfield code="a">&#xE14;&#xE34;&#xE10;&#xE20;&#xE31;&#xE17;&#xE23; &#xE1A;&#xE27;&#xE23;&#xE0A;&#xE31;&#xE22;.</subfield>
    <subfield code="9">67101</subfield>
  </datafield>
  <datafield tag="245" ind1="1" ind2="0">
    <subfield code="a">&#xE02;&#xE49;&#xE2D;&#xE40;&#xE2A;&#xE19;&#xE2D;&#xE41;&#xE19;&#xE30;&#xE40;&#xE0A;&#xE34;&#xE07;&#xE42;&#xE19;&#xE42;&#xE22;&#xE1A;&#xE32;&#xE22; (Policy Recommendations) &#xE42;&#xE04;&#xE23;&#xE07;&#xE01;&#xE32;&#xE23;&#xE27;&#xE34;&#xE08;&#xE31;&#xE22;&#xE01;&#xE32;&#xE23;&#xE1E;&#xE31;&#xE12;&#xE19;&#xE32;&#xE23;&#xE39;&#xE1B;&#xE41;&#xE1A;&#xE1A;&#xE01;&#xE32;&#xE23;&#xE04;&#xE27;&#xE1A;&#xE04;&#xE38;&#xE21;&#xE04;&#xE2D;&#xE23;&#xE4C;&#xE23;&#xE31;&#xE1B;&#xE0A;&#xE31;&#xE19;&#xE14;&#xE49;&#xE27;&#xE22;&#xE21;&#xE32;&#xE15;&#xE23;&#xE01;&#xE32;&#xE23;&#xE25;&#xE07;&#xE42;&#xE17;&#xE29;&#xE17;&#xE32;&#xE07;&#xE2A;&#xE31;&#xE07;&#xE04;&#xE21; / </subfield>
    <subfield code="c">&#xE14;&#xE34;&#xE10;&#xE20;&#xE31;&#xE17;&#xE23; &#xE1A;&#xE27;&#xE23;&#xE0A;&#xE31;&#xE22;, &#xE28;&#xE34;&#xE1E;&#xE23; &#xE42;&#xE01;&#xE27;&#xE34;&#xE17; &#xE41;&#xE25;&#xE30;&#xE17;&#xE31;&#xE01;&#xE29;&#xE13;&#xE32; &#xE40;&#xE21;&#xE06;&#xE44;&#xE15;&#xE23;&#xE23;&#xE31;&#xE15;&#xE19;&#xE4C;.</subfield>
  </datafield>
  <datafield tag="260" ind1=" " ind2=" ">
    <subfield code="a">&#xE19;&#xE04;&#xE23;&#xE1B;&#xE10;&#xE21; : </subfield>
    <subfield code="b">&#xE20;&#xE39;&#xE21;&#xE34;&#xE01;&#xE32;&#xE23;&#xE1E;&#xE34;&#xE21;&#xE1E;&#xE4C;,</subfield>
    <subfield code="c">2568.</subfield>
  </datafield>
  <datafield tag="300" ind1=" " ind2=" ">
    <subfield code="a">27 &#xE2B;&#xE19;&#xE49;&#xE32; :</subfield>
    <subfield code="b">&#xE15;&#xE32;&#xE23;&#xE32;&#xE07; ;</subfield>
    <subfield code="c">25 &#xE0B;&#xE21;.</subfield>
  </datafield>
  <datafield tag="505" ind1="2" ind2=" ">
    <subfield code="a">1. &#xE0A;&#xE37;&#xE48;&#xE2D;&#xE42;&#xE04;&#xE23;&#xE07;&#xE01;&#xE32;&#xE23;&#xE27;&#xE34;&#xE08;&#xE31;&#xE22; -- 2. &#xE2A;&#xE23;&#xE38;&#xE1B;&#xE42;&#xE04;&#xE23;&#xE07;&#xE01;&#xE32;&#xE23;&#xE27;&#xE34;&#xE08;&#xE31;&#xE22; -- 2.1 &#xE17;&#xE35;&#xE48;&#xE21;&#xE32;&#xE41;&#xE25;&#xE30;&#xE04;&#xE27;&#xE32;&#xE21;&#xE2A;&#xE33;&#xE04;&#xE31;&#xE0D; -- 2.2 &#xE27;&#xE31;&#xE15;&#xE16;&#xE38;&#xE1B;&#xE23;&#xE30;&#xE2A;&#xE07;&#xE04;&#xE4C; -- 2.3 &#xE27;&#xE34;&#xE18;&#xE35;&#xE01;&#xE32;&#xE23;&#xE14;&#xE33;&#xE40;&#xE19;&#xE34;&#xE19;&#xE01;&#xE32;&#xE23;&#xE27;&#xE34;&#xE08;&#xE31;&#xE22; -- 2.4 &#xE1C;&#xE25;&#xE01;&#xE32;&#xE23;&#xE27;&#xE34;&#xE08;&#xE31;&#xE22; -- 2.4.1 &#xE2A;&#xE20;&#xE32;&#xE1E;&#xE1B;&#xE31;&#xE0D;&#xE2B;&#xE32;&#xE01;&#xE32;&#xE23;&#xE04;&#xE2D;&#xE23;&#xE4C;&#xE23;&#xE31;&#xE1B;&#xE0A;&#xE31;&#xE19; -- 2.4.2 &#xE23;&#xE39;&#xE1B;&#xE41;&#xE1A;&#xE1A;&#xE01;&#xE32;&#xE23;&#xE04;&#xE27;&#xE1A;&#xE04;&#xE38;&#xE21;&#xE04;&#xE2D;&#xE23;&#xE4C;&#xE23;&#xE31;&#xE1B;&#xE0A;&#xE31;&#xE19;&#xE14;&#xE49;&#xE27;&#xE22;&#xE21;&#xE32;&#xE15;&#xE23;&#xE01;&#xE32;&#xE23;&#xE25;&#xE07;&#xE42;&#xE17;&#xE29;&#xE17;&#xE32;&#xE07;&#xE2A;&#xE31;&#xE07;&#xE04;&#xE21;&#xE17;&#xE35;&#xE48;&#xE21;&#xE35;&#xE04;&#xE27;&#xE32;&#xE21;&#xE40;&#xE2B;&#xE21;&#xE32;&#xE30;&#xE2A;&#xE21;&#xE01;&#xE31;&#xE1A;&#xE1A;&#xE23;&#xE34;&#xE1A;&#xE17;&#xE02;&#xE2D;&#xE07;&#xE2A;&#xE31;&#xE07;&#xE04;&#xE21;&#xE44;&#xE17;&#xE22; -- 2.5 &#xE02;&#xE49;&#xE2D;&#xE40;&#xE2A;&#xE19;&#xE2D;&#xE41;&#xE19;&#xE30; -- 2.5.1 &#xE02;&#xE49;&#xE2D;&#xE40;&#xE2A;&#xE19;&#xE2D;&#xE41;&#xE19;&#xE30;&#xE40;&#xE0A;&#xE34;&#xE07;&#xE27;&#xE34;&#xE0A;&#xE32;&#xE01;&#xE32;&#xE23; --
2.5.1.1 &#xE1B;&#xE31;&#xE0D;&#xE2B;&#xE32;&#xE40;&#xE01;&#xE35;&#xE48;&#xE22;&#xE27;&#xE01;&#xE31;&#xE1A;&#xE01;&#xE32;&#xE23;&#xE04;&#xE2D;&#xE23;&#xE4C;&#xE23;&#xE31;&#xE1B;&#xE0A;&#xE31;&#xE19; -- 2.5.1.2 &#xE01;&#xE32;&#xE23;&#xE1B;&#xE23;&#xE30;&#xE22;&#xE38;&#xE01;&#xE15;&#xE4C;&#xE23;&#xE39;&#xE1B;&#xE41;&#xE1A;&#xE1A;&#xE01;&#xE32;&#xE23;&#xE04;&#xE27;&#xE1A;&#xE04;&#xE38;&#xE21;&#xE04;&#xE2D;&#xE23;&#xE4C;&#xE23;&#xE31;&#xE1B;&#xE0A;&#xE31;&#xE19;&#xE14;&#xE49;&#xE27;&#xE22;&#xE21;&#xE32;&#xE15;&#xE23;&#xE01;&#xE32;&#xE23;&#xE25;&#xE07;&#xE42;&#xE17;&#xE29;&#xE17;&#xE32;&#xE07;&#xE2A;&#xE31;&#xE07;&#xE04;&#xE21;&#xE17;&#xE35;&#xE48;&#xE21;&#xE35;&#xE04;&#xE27;&#xE32;&#xE21;&#xE40;&#xE2B;&#xE21;&#xE32;&#xE30;&#xE2A;&#xE21;&#xE01;&#xE31;&#xE1A;&#xE1A;&#xE23;&#xE34;&#xE1A;&#xE17;&#xE02;&#xE2D;&#xE07;&#xE2A;&#xE31;&#xE07;&#xE04;&#xE21;&#xE44;&#xE17;&#xE22; --
2.5.1.3 &#xE01;&#xE32;&#xE23;&#xE19;&#xE33;&#xE44;&#xE1B;&#xE43;&#xE0A;&#xE49;&#xE43;&#xE2B;&#xE49;&#xE40;&#xE01;&#xE34;&#xE14;&#xE1C;&#xE25;&#xE2D;&#xE22;&#xE48;&#xE32;&#xE07;&#xE40;&#xE1B;&#xE47;&#xE19;&#xE23;&#xE39;&#xE1B;&#xE18;&#xE23;&#xE23;&#xE21; -- 2.5.2 &#xE02;&#xE49;&#xE2D;&#xE40;&#xE2A;&#xE19;&#xE2D;&#xE41;&#xE19;&#xE30;&#xE40;&#xE0A;&#xE34;&#xE07;&#xE19;&#xE42;&#xE22;&#xE1A;&#xE32;&#xE22; --
2.5.2.1 &#xE1B;&#xE31;&#xE0D;&#xE2B;&#xE32;&#xE01;&#xE32;&#xE23;&#xE04;&#xE2D;&#xE23;&#xE4C;&#xE23;&#xE31;&#xE1B;&#xE0A;&#xE31;&#xE19; -- 2.5.2.2 &#xE21;&#xE32;&#xE15;&#xE23;&#xE01;&#xE32;&#xE23;&#xE04;&#xE27;&#xE1A;&#xE04;&#xE38;&#xE21;&#xE04;&#xE2D;&#xE23;&#xE4C;&#xE23;&#xE31;&#xE1B;&#xE0A;&#xE31;&#xE19;&#xE14;&#xE49;&#xE27;&#xE22;&#xE21;&#xE32;&#xE15;&#xE23;&#xE01;&#xE32;&#xE23;&#xE25;&#xE07;&#xE42;&#xE17;&#xE29; -- 2.5.3 &#xE02;&#xE49;&#xE2D;&#xE40;&#xE2A;&#xE19;&#xE2D;&#xE41;&#xE19;&#xE30;&#xE40;&#xE1E;&#xE37;&#xE48;&#xE2D;&#xE28;&#xE36;&#xE01;&#xE29;&#xE32;&#xE27;&#xE34;&#xE08;&#xE31;&#xE22;&#xE04;&#xE23;&#xE31;&#xE49;&#xE07;&#xE15;&#xE48;&#xE2D;&#xE44;&#xE1B; -- 3. &#xE1B;&#xE23;&#xE30;&#xE27;&#xE31;&#xE15;&#xE34;&#xE19;&#xE31;&#xE01;&#xE27;&#xE34;&#xE08;&#xE31;&#xE22;.</subfield>
  </datafield>
  <datafield tag="650" ind1=" " ind2="4">
    <subfield code="a">&#xE01;&#xE32;&#xE23;&#xE17;&#xE38;&#xE08;&#xE23;&#xE34;&#xE15;&#xE41;&#xE25;&#xE30;&#xE1B;&#xE23;&#xE30;&#xE1E;&#xE24;&#xE15;&#xE34;&#xE21;&#xE34;&#xE0A;&#xE2D;&#xE1A; </subfield>
    <subfield code="9">19844</subfield>
  </datafield>
  <datafield tag="650" ind1=" " ind2="4">
    <subfield code="a">&#xE04;&#xE2D;&#xE23;&#xE4C;&#xE23;&#xE31;&#xE1B;&#xE0A;&#xE31;&#xE19;</subfield>
    <subfield code="9">66049</subfield>
  </datafield>
  <datafield tag="700" ind1="0" ind2=" ">
    <subfield code="a">&#xE28;&#xE34;&#xE1E;&#xE23; &#xE42;&#xE01;&#xE27;&#xE34;&#xE17;</subfield>
    <subfield code="9">67104</subfield>
  </datafield>
  <datafield tag="700" ind1="0" ind2=" ">
    <subfield code="a">&#xE17;&#xE31;&#xE01;&#xE29;&#xE13;&#xE32; &#xE40;&#xE21;&#xE06;&#xE44;&#xE15;&#xE23;&#xE23;&#xE31;&#xE15;&#xE19;&#xE4C;</subfield>
    <subfield code="9">67105</subfield>
  </datafield>
  <datafield tag="942" ind1=" " ind2=" ">
    <subfield code="2">lcc</subfield>
    <subfield code="c">RSH</subfield>
  </datafield>
  <datafield tag="996" ind1=" " ind2=" ">
    <subfield code="a">jidapa.t</subfield>
    <subfield code="b">ACQSTF</subfield>
    <subfield code="c">2025-12-03</subfield>
  </datafield>
  <datafield tag="996" ind1=" " ind2=" ">
    <subfield code="a">varee.k</subfield>
    <subfield code="b">LIBSTF</subfield>
    <subfield code="c">2025-12-04</subfield>
  </datafield>
  <datafield tag="996" ind1=" " ind2=" ">
    <subfield code="a">saiphon.d</subfield>
    <subfield code="b">CATSTF	</subfield>
    <subfield code="c">2025-12-08</subfield>
  </datafield>
  <datafield tag="999" ind1=" " ind2=" ">
    <subfield code="c">107553</subfield>
    <subfield code="d">107553</subfield>
  </datafield>
  <datafield tag="998" ind1=" " ind2=" ">
    <subfield code="j">111</subfield>
    <subfield code="k"> &#xE19;&#xE32;&#xE07;&#xE2A;&#xE32;&#xE27;&#xE1E;&#xE08;&#xE1E;&#xE34;&#xE13;  &#xE1E;&#xE23;&#xE21;&#xE40;&#xE2D;&#xE35;&#xE48;&#xE22;&#xE21;</subfield>
  </datafield>
  <datafield tag="952" ind1=" " ind2=" ">
    <subfield code="0">0</subfield>
    <subfield code="1">0</subfield>
    <subfield code="2">lcc</subfield>
    <subfield code="4">0</subfield>
    <subfield code="7">0</subfield>
    <subfield code="8">CRSH</subfield>
    <subfield code="a">NALT</subfield>
    <subfield code="b">NALT</subfield>
    <subfield code="c">RSH</subfield>
    <subfield code="d">2025-12-03</subfield>
    <subfield code="l">2</subfield>
    <subfield code="m">1</subfield>
    <subfield code="o">&#xE27; JF 1525.C66 &#xE14;522&#xE02; 2568</subfield>
    <subfield code="p">3961215961</subfield>
    <subfield code="r">2026-01-12 00:00:00</subfield>
    <subfield code="s">2026-01-05</subfield>
    <subfield code="t">&#xE09;.1</subfield>
    <subfield code="w">2025-12-03</subfield>
    <subfield code="y">GB</subfield>
  </datafield>
  <datafield tag="952" ind1=" " ind2=" ">
    <subfield code="0">0</subfield>
    <subfield code="1">0</subfield>
    <subfield code="2">lcc</subfield>
    <subfield code="4">0</subfield>
    <subfield code="7">0</subfield>
    <subfield code="8">CRSH</subfield>
    <subfield code="a">NALT</subfield>
    <subfield code="b">NALT</subfield>
    <subfield code="c">RSH</subfield>
    <subfield code="d">2025-12-03</subfield>
    <subfield code="l">1</subfield>
    <subfield code="m">1</subfield>
    <subfield code="o">&#xE27; JF 1525.C66 &#xE14;522&#xE02; 2568</subfield>
    <subfield code="p">3961215962</subfield>
    <subfield code="r">2026-01-16 00:00:00</subfield>
    <subfield code="s">2025-12-25</subfield>
    <subfield code="t">&#xE09;.2</subfield>
    <subfield code="w">2025-12-03</subfield>
    <subfield code="y">GB</subfield>
  </datafield>
</record>
